|
|
|
|
| LEADER |
02460nem a2200565 a 4500 |
| 001 |
mzk03001178448 |
| 003 |
CZ BrMZK |
| 005 |
20141103140420.0 |
| 007 |
aj||anzn |
| 008 |
070711s1787 au |||||||a|||||0|||ger|d |
| 034 |
1 |
|
|a a
|b 1300000
|d E0015000
|e E0271000
|f N0523200
|g N0415400
|
| 040 |
|
|
|a BOE801
|b cze
|
| 043 |
|
|
|a ew-----
|a ec-----
|a ee-----
|a e-it---
|a ed-----
|
| 072 |
|
7 |
|a 912:904
|x Staré mapy
|2 Konspekt
|9 7
|
| 080 |
|
|
|a (4-15)
|2 MRF
|
| 080 |
|
|
|a (4-191.2)
|2 MRF
|
| 080 |
|
|
|a (4-11)
|2 MRF
|
| 080 |
|
|
|a (450)
|2 MRF
|
| 080 |
|
|
|a (292.464)
|2 MRF
|
| 080 |
|
|
|a (084.3)
|2 MRF
|
| 100 |
1 |
|
|a Metzburg, Georg Ignaz von,
|d 1735-1798
|7 mzk2007395192
|4 aut
|
| 245 |
1 |
0 |
|a Post-Charte Der Kaiserl. Königl. Erblanden
|h [kartografický dokument] /
|c Durch Hernn Abbe Georg Ignaz Freyherrn von Mezburg Kais. Königl. Professor der Mathematique an der Universität in Wien. Gestochen von Mansfeld
|
| 255 |
|
|
|a Měřítko [ca 1:1 300 000]. 14,3 cm = 25 Deutsche Meilen. 13,8 cm = 21 Ungar. Meil. 13,7 cm = 32 Franz. Meil. 14,2 cm = 100 Italien. Meil.
|c (001°50´00" v.d.--027°10´00" v.d./052°32´00" s.š.--041°54´00" s.š.)
|
| 260 |
|
|
|a [Wien :
|b s.n.],
|c 1787
|
| 300 |
|
|
|a 4 listy :
|b mědirytina ;
|c 104 x 154 cm, složeno na 25,5 x 20 cm
|
| 500 |
|
|
|a Každý list je rozdělen na 8 dílů a podlepen plátnem
|
| 500 |
|
|
|a Nullmeridian: Ferro
|
| 500 |
|
|
|a Výzdoba: Vlevo dole parergon s krajinným výjevem s pocestnými, v pozadím pohled na hrad na skále
|
| 500 |
|
|
|a Vysvětlivky
|
| 505 |
0 |
0 |
|t Südliche Theil des Herzogthums Luxemburg. --
|g 9 x 16 cm
|
| 561 |
|
|
|a Provenience: (stará signatura) 8.7.
|
| 561 |
|
|
|a Provenience: (stará signatura) H 63
|
| 563 |
|
|
|a Mapa je uložena v papírové obálce
|
| 655 |
|
7 |
|a staré mapy
|7 fd674099
|2 czenas
|
| 651 |
|
7 |
|a Evropa západní
|7 ge137883
|2 czenas
|
| 651 |
|
7 |
|a Evropa střední
|7 ge137882
|2 czenas
|
| 651 |
|
7 |
|a Evropa východní
|7 ge137881
|2 czenas
|
| 651 |
|
7 |
|a Itálie
|7 ge129398
|2 czenas
|
| 651 |
|
7 |
|a Balkánský poloostrov
|7 ge134045
|2 czenas
|
| 740 |
4 |
2 |
|a Der Südliche Theil des Herzogthums Luxemburg
|
| 700 |
1 |
|
|a Mansfeld, Johann Ernst,
|d 1739-1796
|7 mzk2008453609
|4 egr
|
| 903 |
|
|
|a RP
|
| 910 |
|
|
|e BOE950
|c R - DLIII,a (G.I.)
|
| 978 |
|
|
|b S.n.
|a Wien
|c 1787
|
| 984 |
|
|
|a Vídeň
|b Rakousko
|
| 985 |
|
|
|a 1751-1800
|
| 990 |
|
|
|a MP
|
| 996 |
|
|
|e BOE950
|c R - DLIII,a (G.I.)
|
| 991 |
|
|
|k rajhrad
|
| 980 |
|
|
|c 290285
|g R - DLIII,a (G.I.)
|d 20070711
|t 5
|1 328100290285
|n J
|z KR
|